|
|
|
|
| LEADER |
01191nam a22003254a 4500 |
| 001 |
15125 |
| 003 |
BD-DhAAL |
| 005 |
20170913142610.0 |
| 008 |
170911r20011999enka b 001 0 eng |
| 999 |
|
|
|c 38289
|d 38289
|
| 010 |
|
|
|a 99019284
|
| 020 |
|
|
|a 0415216044
|
| 020 |
|
|
|a 0415242495
|
| 040 |
|
|
|a DLC
|c DLC
|d DLC
|d BD-DhAAL
|
| 050 |
0 |
0 |
|a HF1359
|b .G5827 1999
|
| 082 |
0 |
0 |
|a 337
|2 21
|
| 245 |
0 |
0 |
|a Globalization and governance /
|c edited by Aseem Prakash and Jeffrey A. Hart.
|
| 260 |
|
|
|a London ;
|a New York :
|b Routledge,
|c 1999. [reprinted 2001]
|
| 300 |
|
|
|a xiv, 338 p. :
|b ill. ;
|c 24 cm.
|
| 490 |
|
|
|a Routledge/RIPE studies in global political economy ;
|v 1
|
| 504 |
|
|
|a Includes bibliographical references and indexes.
|
| 526 |
|
|
|a BIGD
|
| 541 |
|
|
|e 15125
|
| 650 |
|
0 |
|a International economic relations.
|9 22130
|
| 700 |
1 |
|
|a Prakash, Aseem,
|d 1965-
|9 22131
|
| 700 |
1 |
|
|a Hart, Jeffrey A.
|9 22132
|
| 856 |
4 |
2 |
|3 Publisher description
|u http://www.loc.gov/catdir/enhancements/fy0650/99019284-d.html
|
| 942 |
|
|
|2 ddc
|c BK
|
| 984 |
|
|
|a gsl
|
| 952 |
|
|
|0 0
|1 0
|2 ddc
|4 0
|6 337_000000000000000_GLO
|7 0
|9 61129
|a IGS
|b IGS
|c GEN
|d 2017-09-13
|e BIGD
|l 0
|o 337 GLO
|p 3010015125
|r 2017-09-13
|t 1
|w 2017-09-13
|y BK
|